<?xml version="1.0" encoding="UTF-8"?><?xml-stylesheet type="text/xsl" href="static/style.xsl"?><OAI-PMH xmlns="http://www.openarchives.org/OAI/2.0/" xmlns:xsi="http://www.w3.org/2001/XMLSchema-instance" xsi:schemaLocation="http://www.openarchives.org/OAI/2.0/ http://www.openarchives.org/OAI/2.0/OAI-PMH.xsd"><responseDate>2026-06-29T02:37:29Z</responseDate><request verb="GetRecord" identifier="oai:docta.ucm.es:20.500.14352/129758" metadataPrefix="marc">https://docta.ucm.es/rest/oai/request</request><GetRecord><record><header><identifier>oai:docta.ucm.es:20.500.14352/129758</identifier><datestamp>2026-01-10T00:45:20Z</datestamp><setSpec>com_20.500.14352_14</setSpec><setSpec>col_20.500.14352_15</setSpec></header><metadata><record xmlns="http://www.loc.gov/MARC21/slim" xmlns:dcterms="http://purl.org/dc/terms/" xmlns:xsi="http://www.w3.org/2001/XMLSchema-instance" xmlns:doc="http://www.lyncode.com/xoai" xsi:schemaLocation="http://www.loc.gov/MARC21/slim http://www.loc.gov/standards/marcxml/schema/MARC21slim.xsd">
   <leader>00925njm 22002777a 4500</leader>
   <datafield ind2=" " ind1=" " tag="042">
      <subfield code="a">dc</subfield>
   </datafield>
   <datafield ind2=" " ind1=" " tag="720">
      <subfield code="a">Palacios Cerezales, Diego</subfield>
      <subfield code="e">author</subfield>
   </datafield>
   <datafield ind2=" " ind1=" " tag="260">
      <subfield code="c">2016-07-27</subfield>
   </datafield>
   <datafield ind2=" " ind1=" " tag="520">
      <subfield code="a">During the summer of 1975, a year after the Carnation Revolution, thousands of Portuguese men and women took to the streets in order to prevent what they feared could be a communist takeover. A military-led government had trumpeted the transition to socialism and the Armed Forces Movement was discussing the sidelining of the recently elected constitutional convention. This article offers a new account of the significance and political impact of the anti-communist rallies, demonstrations and riots during 1975 and provides an interpretation of the mechanisms by which anticommunist mobilization empowered moderate leaders and reversed the balance of power within the military, playing a crucial role in the triumph of electoral democracy.</subfield>
   </datafield>
   <datafield ind1="8" ind2=" " tag="024">
      <subfield code="a">Palacios Cerezales, Diego. «Civil Resistance and Democracy in the Portuguese Revolution». Journal of Contemporary History, vol. 52, n.o 3, julio de 2017, pp. 688-709. DOI.org (Crossref), https://doi.org/10.1177/0022009416641496.</subfield>
   </datafield>
   <datafield ind1="8" ind2=" " tag="024">
      <subfield code="a">10.1177/0022009416641496.</subfield>
   </datafield>
   <datafield ind1="8" ind2=" " tag="024">
      <subfield code="a">https://hdl.handle.net/20.500.14352/129758</subfield>
   </datafield>
   <datafield ind1="8" ind2=" " tag="024">
      <subfield code="a">https://doi.org/10.1177/0022009416641496</subfield>
   </datafield>
   <datafield ind1="8" ind2=" " tag="024">
      <subfield code="a">https://journals.sagepub.com/doi/10.1177/0022009416641496</subfield>
   </datafield>
   <datafield ind2="0" ind1="0" tag="245">
      <subfield code="a">Civil resistance and democracy in the Portuguese Revolution</subfield>
   </datafield>
</record></metadata></record></GetRecord></OAI-PMH>